[Event "ACL-A002"]
[Site "www.playchess.de"]
[Date "2001.02.22"]
[Round "18"]
[White "FoXx"]
[Black "Lonesome"]
[WhiteElo "1500"]
[BlackElo "1500"]
[PlyCount "36"]
[Result "0-1"]

1.e4 e6 2.Nf3 d5 3.exd5 exd5 4.d4 Bd6 5.Nc3 c6 
6.Ng5 Nf6 7.Bd3 h6 8.Nf3 Bg4 9.h3 Be6 10.g4 Qc7 
11.g5 Nfd7 12.gxh6 gxh6 13.b4 Bxb4 14.Bd2 Nf6 
15.Ne5 Nbd7 16.Nxd7 Nxd7 17.a3 Bd6 18.a4 
O-O-O 0-1

[Event "ACL-A002"]
[Site "www.playchess.de"]
[Date "2001.02.22"]
[Round "21"]
[White "Llewellyn_Adamson"]
[Black "FoXx"]
[WhiteElo "1500"]
[BlackElo "1500"]
[PlyCount "45"]
[Result "1-0"]

1.Nf3 d5 2.c4 dxc4 3.Na3 Nc6 4.Nxc4 Bf5 5.Qb3 e6 
6.Qxb7 Nb4 7.Ne3 Nf6 8.Qb5+ Qd7 9.Qc4 Qc6 10.Qxc6+ 
Nxc6 11.Nxf5 exf5 12.a3 g5 13.e3 g4 14.Bb5 Kd7 
15.Nd4 Kd6 16.Bxc6 Rd8 17.b4 Bg7 18.b5 Nd5 
19.Nxf5+ Ke6 20.Nxg7+ Ke7 21.e4 Nf4 22.Nf5+ Kf6 
23.Bb2+ 1-0

[Event "HCL-B073"]
[Site "www.playchess.de"]
[Date "2001.02.22"]
[Round "5"]
[White "Rengar"]
[Black "Willow"]
[WhiteElo "1016"]
[BlackElo "1200"]
[PlyCount "49"]
[Result "1-0"]

1.d4 d5 2.c4 Nf6 3.cxd5 Nxd5 4.e4 Nf4 5.Bxf4 Nc6 
6.Bb5 Bd7 7.Nf3 e6 8.O-O Bb4 9.a3 Ba5 10.Nc3 Bb6 
11.Ne2 O-O 12.Rc1 Nxd4 13.Nexd4 a6 14.Bxd7 Qxd7 
15.Ne2 Qxd1 16.Rfxd1 c6 17.Rd7 Rab8 18.Bxb8 Rxb8 
19.Rcd1 h6 20.Ne5 f6 21.Nc4 Bc5 22.Na5 b6 23.Nxc6 
Rc8 24.Ne7+ Kh7 25.Nxc8 1-0

[Event "HCL-B073"]
[Site "www.playchess.de"]
[Date "2001.02.22"]
[Round "6"]
[White "Steamhammer"]
[Black "Rengar"]
[WhiteElo "1200"]
[BlackElo "1016"]
[PlyCount "35"]
[Result "1-0"]

1.d4 d5 2.c4 e6 3.Nc3 Nf6 4.Bg5 Bb4 5.cxd5 Bxc3+ 
6.bxc3 exd5 7.e3 c6 8.Bd3 Be6 9.Nf3 Nbd7 10.O-O 
O-O 11.Qc2 Rb8 12.Rfb1 b6 13.Bxh7+ Kh8 14.Bd3 Bg4 
15.Nh4 Bh5 16.h3 Qc7 17.Bf5 Rfg8 
18.Bf4 1-0

[Event "HCL-B073"]
[Site "www.playchess.de"]
[Date "2001.02.22"]
[Round "8"]
[White "Willow"]
[Black "paule"]
[WhiteElo "1200"]
[BlackElo "1747"]
[PlyCount "90"]
[Result "0-1"]

1.e4 e6 2.d4 d5 3.e5 c5 4.Nf3 Nc6 5.Bb5 Bd7 6.Nc3 
cxd4 7.Nxd4 Nxe5 8.Bf4 Ng6 9.Qd2 Nxf4 10.Qxf4 Bb4 
11.O-O Bxc3 12.bxc3 Nf6 13.c4 O-O 14.Rab1 Rc8 
15.cxd5 Nxd5 16.Qe5 Nc3 17.Rb3 Nxb5 18.Nxb5 Bxb5 
19.Rxb5 Rxc2 20.a4 Qc7 21.Qxc7 Rxc7 22.h4 Rd8 
23.g3 Kf8 24.Kg2 Ke7 25.f3 Rd5 26.Rfb1 b6 27.Re1 
Kd6 28.g4 Rc4 29.Ra1 h5 30.Kg3 g6 31.g5 Kc6 32.Rb3 
Rdd4 33.a5 b5 34.a6 Rdxh4 35.Rd3 Rhd4 36.Rb3 Rd5 
37.Raa3 Rxg5+ 38.Kf2 h4 39.f4 Rxf4+ 40.Ke2 Rg2+ 
41.Ke3 g5 42.Rbc3+ Kd5 43.Rcd3+ Ke5 44.Rd7 g4 
45.Rxa7 Rf3+ 0-1

[Event "HCL-B073"]
[Site "www.playchess.de"]
[Date "2001.02.22"]
[Round "10"]
[White "Rengar"]
[Black "paule"]
[WhiteElo "1016"]
[BlackElo "1747"]
[PlyCount "29"]
[Result "1/2-1/2"]

1.d4 c5 2.d5 e5 3.e4 d6 4.c4 Be7 5.Nf3 Bg4 6.Be2 
Bxf3 7.Bxf3 Bg5 8.Nd2 a6 9.b3 Ne7 10.O-O O-O 
11.Re1 f5 12.Qc2 b5 13.g3 Nd7 14.a4 b4 
15.Bg2 1/2-1/2

[Event "HCL-B073"]
[Site "www.playchess.de"]
[Date "2001.02.22"]
[Round "14"]
[White "Hubble"]
[Black "Rengar"]
[WhiteElo "1700"]
[BlackElo "1016"]
[PlyCount "39"]
[Result "1-0"]

1.e4 c5 2.Nc3 Nc6 3.g3 g6 4.Bg2 Bg7 5.Nge2 d6 
6.O-O Nf6 7.d3 O-O 8.a3 Bd7 9.f3 Qc8 10.Be3 a6 
11.d4 cxd4 12.Nxd4 Nxd4 13.Bxd4 e5 14.Be3 Bh3 
15.Qxd6 Bxg2 16.Kxg2 Ne8 17.Qb6 Nc7 18.Rad1 Rd8 
19.Bg5 Rd7 20.Rxd7 1-0

[Event "HCL-B073"]
[Site "www.playchess.de"]
[Date "2001.02.22"]
[Round "27"]
[White "henry"]
[Black "Hubble"]
[WhiteElo "1098"]
[BlackElo "1700"]
[PlyCount "39"]
[Result "1-0"]

1.c4 e5 2.e4 Nf6 3.d3 Bb4+ 4.Nd2 d6 5.a3 Bc5 6.Nb3 
Bb6 7.h3 Bd7 8.a4 O-O 9.g4 a6 10.g5 Ne8 11.h4 f5 
12.g6 hxg6 13.Bg5 Qc8 14.h5 fxe4 15.hxg6 Bxf2+ 
16.Kd2 Nf6 17.Bxf6 Rxf6 18.Qh5 Kf8 19.Qh8+ Ke7 
20.Qxg7+ 1-0

[Event "HCL-B073"]
[Site "www.playchess.de"]
[Date "2001.02.22"]
[Round "34"]
[White "Hubble"]
[Black "grez"]
[WhiteElo "1700"]
[BlackElo "1200"]
[PlyCount "39"]
[Result "1-0"]

1.d4 Nf6 2.c4 c5 3.Nf3 cxd4 4.Nxd4 d5 5.cxd5 Nxd5 
6.e3 e5 7.Bb5+ Bd7 8.Bxd7+ Qxd7 9.Nc2 Qb5 10.Bd2 
Qxb2 11.O-O Nc6 12.e4 Nf6 13.Nc3 Qb6 14.Qf3 Nd4 
15.Nxd4 Qxd4 16.Bg5 Be7 17.Bxf6 Bxf6 18.Nd5 Bd8 
19.Rfd1 Qxe4 20.Qxe4 1-0

[Event "HCL-A045"]
[Site "www.playchess.de"]
[Date "2001.02.23"]
[Round "4"]
[White "michaeljohn"]
[Black "EKALAYA"]
[WhiteElo "1700"]
[BlackElo "1949"]
[PlyCount "93"]
[Result "1-0"]

1.e4 c5 2.d4 cxd4 3.c3 dxc3 4.Nxc3 Nc6 5.Nf3 d6 
6.Bc4 e6 7.O-O Be7 8.Qe2 a6 9.Rd1 Qc7 10.Bf4 Ne5 
11.Bxe5 dxe5 12.Rac1 Qa5 13.Nb5 axb5 14.Bxb5+ Kf8 
15.Nxe5 Nf6 16.Rd4 Qb6 17.Rdc4 g6 18.R4xc8+ Rxc8 
19.Rxc8+ Kg7 20.Rxh8 Kxh8 21.Nxf7+ Kg7 22.Ng5 h6 
23.Nf3 Nxe4 24.Qxe4 Qxb5 25.Qxe6 Qc5 {Welcome back 
to PlayChess !}  26.Qe5+ {That was a long break. u 
were right about the site.}  Qxe5 27.Nxe5 Bf6 
28.Nd3 Be7 29.Kf1 Bd6 30.h3 Kf6 31.Ke2 h5 32.Kf3 
g5 33.g4 hxg4+ 34.hxg4 Kf7 35.a4 b6 36.Ke4 Ke6 
37.f3 Be7 38.b3 Bd6 39.f4 gxf4 40.Nxf4+ Kf7 41.Kf5 
Ke8 42.Nd5 Bc5 43.Ke6 Kd8 44.Kf7 Kd7 45.g5 Kd6 
46.Nf6 Bd4 47.g6 1-0

[Event "HCL-B053"]
[Site "www.playchess.de"]
[Date "2001.02.23"]
[Round "33"]
[White "Jacki"]
[Black "Gilbert"]
[WhiteElo "1500"]
[BlackElo "1200"]
[PlyCount "58"]
[Result "0-1"]

1.d4 Nf6 2.c4 g6 3.Nc3 Bg7 4.e4 d6 5.Bg5 O-O 6.Qd2 
c5 7.d5 e6 8.f4 h6 9.Bh4 Nxe4 10.Bxd8 Nxd2 11.Bc7 
Bxc3 12.bxc3 Nxf1 13.Kxf1 exd5 14.Bxd6 Rd8 15.Bxc5 
dxc4 16.Re1 Nc6 17.Nf3 Rd3 18.Re8+ Kh7 19.Kf2 b6 
20.Be7 Rxc3 21.Bf6 Rc2+ 22.Kg3 Rxg2+ 23.Kxg2 Bh3+ 
24.Kxh3 Rxe8 25.Ne5 Re6 26.Nd7 Re3+ 27.Kg4 Nb4 
28.Be5 f5+ 29.Kh4 g5+ 0-1

[Event "HCL-B058"]
[Site "www.playchess.de"]
[Date "2001.02.23"]
[Round "5"]
[White "Larryalan"]
[Black "Axel"]
[WhiteElo "1200"]
[BlackElo "1500"]
[PlyCount "60"]
[Result "0-1"]

1.e4 c5 2.Bc4 e6 3.Nf3 a6 4.O-O Nc6 5.d4 cxd4 6.c3 
b5 7.Bb3 dxc3 8.Nxc3 Bb7 9.Bg5 Be7 10.Qd2 Bxg5 
11.Qxg5 Qxg5 12.Nxg5 Nf6 13.Rad1 b4 14.Ne2 h6 
15.Nxf7 Kxf7 16.f4 Na5 17.e5 Nxb3 18.exf6 Nc5 
19.fxg7 Kxg7 20.Ng3 Rac8 21.f5 Rhf8 22.Nh5+ Kh7 
23.f6 Kg6 24.g4 d5 25.Rf2 Ne4 26.Rf4 Rc2 27.Rdf1 
Rxb2 28.f7 Rxa2 29.Ng3 Nxg3 30.R4f6+ 
Kg7 0-1

[Event "HCL-B087"]
[Site "www.playchess.de"]
[Date "2001.02.23"]
[Round "9"]
[White "Karl"]
[Black "Hubble"]
[WhiteElo "1098"]
[BlackElo "1731"]
[PlyCount "54"]
[Result "0-1"]

1.e4 c6 2.Nf3 d5 3.Nc3 d4 4.Ne2 c5 5.d3 Nc6 6.Bd2 
e5 7.c3 Nf6 8.Bg5 Be7 9.cxd4 cxd4 10.b4 Bxb4+ 
11.Nd2 O-O 12.a3 Ba5 13.f4 Bg4 14.h3 Bxe2 15.Bxe2 
h6 16.fxe5 hxg5 17.O-O Nxe5 18.Nb3 Bb6 19.a4 Nxe4 
20.dxe4 d3+ 21.Kh1 dxe2 22.Qxe2 Qe7 23.a5 Bc7 
24.Qd1 Rad8 25.Qc2 Qd6 26.Nc5 Nd3 27.Nxd3 
Qh2+ 0-1

[Event "HCL-B097"]
[Site "www.playchess.de"]
[Date "2001.02.23"]
[Round "5"]
[White "Marsupilami"]
[Black "csadler"]
[WhiteElo "1200"]
[BlackElo "1094"]
[PlyCount "41"]
[Result "1-0"]

1.d4 Nf6 2.c4 e6 3.Nf3 Bb4+ 4.Nc3 Bxc3+ 5.bxc3 c5 
6.Bg5 d5 7.cxd5 exd5 8.e3 O-O 9.Bb5 h6 10.Bxf6 
Qxf6 11.O-O Bd7 12.Qa4 b6 13.Bxd7 Nxd7 14.Qxd7 
Rfd8 15.Qa4 c4 16.Rab1 Kh7 17.Qc2+ Kh8 18.Rb5 g6 
19.Rfb1 g5 20.a4 g4 21.Ne5 1-0

[Event "HCL-B097"]
[Site "www.playchess.de"]
[Date "2001.02.23"]
[Round "8"]
[White "csadler"]
[Black "CHARON"]
[WhiteElo "1094"]
[BlackElo "1495"]
[PlyCount "40"]
[Result "0-1"]

1.e4 e5 2.Nf3 Nc6 3.Bc4 Bc5 4.c3 Nf6 5.d4 exd4 
6.cxd4 Bb4+ 7.Bd2 Bxd2+ 8.Nbxd2 d5 9.e5 dxc4 
10.exf6 Qxf6 11.Nxc4 O-O 12.O-O Bg4 13.Ne3 Bxf3 
14.Qxf3 Qxf3 15.gxf3 Nxd4 16.Kg2 Rfd8 17.Rac1 c6 
18.b3 Ne6 19.Rfd1 c5 20.Rxd8+ Rxd8 0-1

[Event "HCL-B123"]
[Site "www.playchess.de"]
[Date "2001.02.23"]
[Round "10"]
[White "pird"]
[Black "raimacs"]
[WhiteElo "1486"]
[BlackElo "1459"]
[PlyCount "50"]
[Result "0-1"]

1.e4 e5 2.Nc3 Nf6 3.g3 d5 4.exd5 Nxd5 5.Bg2 Be6 
6.Nf3 Nxc3 7.bxc3 Nc6 8.O-O e4 9.Ne1 f5 10.d3 Be7 
11.Bb2 O-O 12.dxe4 Qxd1 13.Rxd1 fxe4 14.Bxe4 Bxa2 
15.Bd5+ Bxd5 16.Rxd5 Rad8 17.c4 Nb4 18.Rb5 b6 
19.Ba3 Nc6 20.Bxe7 Nxe7 21.Nd3 Nf5 {back to the 
game}  22.Rd5 Nd4 23.c3 Ne2+ 24.Kg2 Rxd5 25.cxd5 
Nxc3 0-1

[Event "HCL-B126"]
[Site "www.playchess.de"]
[Date "2001.02.23"]
[Round "6"]
[White "FreddyRick"]
[Black "Gruhni"]
[WhiteElo "1200"]
[BlackElo "1386"]
[PlyCount "60"]
[Result "0-1"]

1.Nc3 e5 2.e4 Bc5 3.Qf3 Qf6 4.Nd5 Qd8 5.Nh3 c6 
6.Ng5 f6 7.d4 Bxd4 8.Qh5+ g6 9.Nxf6+ Qxf6 10.Qf3 
d6 11.c3 Bb6 12.Bc4 Qxf3 13.gxf3 Ne7 14.Bd2 Rf8 
15.O-O-O d5 16.exd5 cxd5 17.Bb3 Nbc6 {What about 
continuing your game against Bauernopfer. He told 
me to ask you that!}  18.Ba4 Bd7 19.c4 {I did know 
that game was still on.. I went into my user file 
and i'm continuing the game.. thanks..}  O-O-O {No 
problem!}  20.Bxc6 bxc6 21.cxd5 cxd5 22.Rhe1 Nc6 
23.a3 Bxf2 24.Ref1 Bd4 25.Bb4 Be3+ 26.Kb1 Nxb4 
27.axb4 Bxg5 28.Rxd5 Bf5+ 29.Ka1 Rxd5 30.Rc1+ 
Bxc1 0-1

[Event "HCL-B129"]
[Site "www.playchess.de"]
[Date "2001.02.23"]
[Round "1"]
[White "Brussels_Hooligan"]
[Black "ca_blonde"]
[WhiteElo "1439"]
[BlackElo "1750"]
[PlyCount "109"]
[Result "1-0"]

1.e4 c6 2.d4 d5 3.exd5 cxd5 4.c4 Nf6 5.Nc3 Nc6 
6.Nf3 Bg4 7.cxd5 Nxd5 8.Qb3 Na5 9.Qxd5 Nc6 10.Bb5 
Qxd5 11.Nxd5 Bxf3 12.gxf3 Rc8 13.Bf4 e6 14.Nc7+ 
Kd8 15.Bxc6 bxc6 16.Na6 Kd7 17.Nc5+ Bxc5 18.dxc5 
f6 19.Rg1 g5 20.Bd6 e5 21.h4 h6 22.Ke2 Ke6 23.b4 
Rcd8 24.a4 a6 25.Rab1 Rd7 26.hxg5 hxg5 27.b5 axb5 
28.axb5 cxb5 29.Rxb5 Ra7 30.Rgb1 Ra2+ 31.R1b2 Rha8 
32.R5b3 R8a3 33.Rxa2 Rxa2+ 34.Ke3 Rc2 35.Rd3 Kf5 
36.Be7 Ke6 37.Bf8 Kf7 38.Rd8 Ke6 39.Bd6 Rc3+ 
40.Ke2 Kf5 41.Rc8 Rc2+ 42.Kf1 Rc4 43.c6 Ke6 44.Bb8 
Kd5 45.c7 Kc6 46.Rg8 Kb7 47.Rf8 Rc1+ 48.Kg2 Rc6 
49.Kg3 Rc4 50.Rxf6 Rc1 51.Rf8 Rg1+ 52.Kh2 Rc1 
53.c8Q+ {%}  Rxc8 54.Rxc8 Kxc8 {it doesnt look 
good on my screen!}  55.Bxe5 {Earlier you posed 
challenges to my technique. Without the 8...Na5 it 
may have been quite fight.}  1-0

[Event "HCL-B132"]
[Site "www.playchess.de"]
[Date "2001.02.23"]
[Round "17"]
[White "fadda"]
[Black "Nulnulnix"]
[WhiteElo "1558"]
[BlackElo "920"]
[PlyCount "44"]
[Result "0-1"]

1.e4 e5 2.Nf3 Qf6 3.Nc3 c6 4.d3 h6 5.b3 Bb4 6.Bb2 
Ne7 7.Qe2 d5 8.exd5 cxd5 9.O-O-O Bd6 10.Nxd5 Nxd5 
{?}  11.Bxe5 {!!!!}  Ba3+ {OK, I've got the point} 
 12.Kb1 {of whole staight line u got a point? LOL} 
 Qe7 13.Bxg7 {good luck!}  Qxe2 14.Bxe2 Rg8 
15.Bxh6 Nc3+ 16.Ka1 {still only one?}  Nxd1 
17.Rxd1 {still only one?}  Rxg2 18.Be3 {still only 
one? study boy!!!}  Nc6 {I prefer trial and error 
instead of study, sorry}  19.h4 {don't worry! I 
prefer joking to anything else!}  Bg4 {;-)}  
20.Ng1 {sorry, but i have a girlfriend already}  
Bxe2 21.Nxe2 {i do!!}  O-O-O 22.Rh1 {:)}  b6 {It 
looks like you were conviced to bring this pawn 
trough -forget it}  0-1

[Event "HCL-B136"]
[Site "www.playchess.de"]
[Date "2001.02.23"]
[Round "2"]
[White "denis3"]
[Black "Redbaron"]
[WhiteElo "1200"]
[BlackElo "1459"]
[PlyCount "22"]
[Result "0-1"]

1.d4 Nf6 2.e3 g6 3.Qd2 e6 4.Nf3 d5 5.Bd3 b6 6.O-O 
c5 7.dxc5 Bxc5 8.Bb5+ Nbd7 9.Ne5 a6 10.Bxd7+ Bxd7 
11.Nxd7 Qxd7 {We're back?}  0-1

[Event "HCL-B142"]
[Site "www.playchess.de"]
[Date "2001.02.23"]
[Round "14"]
[White "Bill"]
[Black "tuzlak"]
[WhiteElo "1055"]
[BlackElo "700"]
[PlyCount "25"]
[Result "1-0"]

1.e4 e5 2.Nf3 Nc6 3.Bb5 a6 4.Ba4 Nf6 5.O-O Bc5 
6.Nxe5 Nxe5 7.d4 Bd6 8.Re1 Bb4 9.c3 Nf3+ 10.Qxf3 
Ba5 11.Na3 b5 12.e5 bxa4 13.exf6+ 1-0

[Event "HCL-C061"]
[Site "www.playchess.de"]
[Date "2001.02.23"]
[Round "16"]
[White "Zzax"]
[Black "thot"]
[WhiteElo "1129"]
[BlackElo "1000"]
[PlyCount "61"]
[Result "1-0"]

1.e4 e5 2.Nc3 Nf6 3.g3 d5 4.exd5 Bc5 5.Nge2 Nxd5 
6.Bg2 c6 7.O-O Nd7 8.Nxd5 cxd5 9.Bxd5 Kf8 10.Bg2 
Qb6 11.c3 Nf6 12.d4 Bd6 13.b3 Be6 14.dxe5 Bxe5 
15.Be3 Qd6 16.Qxd6+ Bxd6 17.Bxb7 Rd8 18.Bg2 Ke7 
19.Bxa7 Rhe8 20.Nd4 Bd5 21.Bxd5 Nxd5 22.Nc6+ Kf8 
23.Nxd8 Rxd8 24.Bd4 Be7 25.Rfd1 Nf6 26.Bxf6 Bxf6 
27.Rxd8+ Bxd8 28.a4 Ba5 29.b4 Bb6 30.a5 Bd8 
31.a6 1-0

[Event "HCL-C117"]
[Site "www.playchess.de"]
[Date "2001.02.23"]
[Round "10"]
[White "Wesley"]
[Black "donkey"]
[WhiteElo "1000"]
[BlackElo "1129"]
[PlyCount "22"]
[Result "0-1"]

1.c3 c5 2.Qa4 Nf6 3.g3 g6 4.d4 b6 5.Bg2 Nc6 6.Bxc6 
dxc6 7.Qxc6+ Bd7 8.Qf3 Rc8 9.Qb7 cxd4 10.Nf3 Rc7 
11.Qa6 Bg4 0-1

[Event "HCL-C120"]
[Site "www.playchess.de"]
[Date "2001.02.23"]
[Round "6"]
[White "CrazyIan"]
[Black "DrNickRiviera"]
[WhiteElo "1000"]
[BlackElo "1000"]
[PlyCount "34"]
[Result "0-1"]

1.e3 Nf6 2.d4 b5 3.Bxb5 a6 4.Ba4 c6 5.Nc3 d5 6.Nf3 
Ne4 7.Nxe4 f5 8.Nc5 Qd6 9.Ne5 Ra7 10.O-O g6 11.b3 
h5 12.Qd3 e6 13.Nxg6 Rh6 14.Ne5 Bg7 15.f4 Qd8 
16.Bd2 a5 17.Bxc6+ Kf8 0-1

[Event "HCL-C120"]
[Site "www.playchess.de"]
[Date "2001.02.23"]
[Round "24"]
[White "CrazyIan"]
[Black "monching"]
[WhiteElo "1000"]
[BlackElo "1000"]
[PlyCount "38"]
[Result "0-1"]

1.e4 e5 2.Nf3 d6 3.Nc3 Bg4 4.Nd5 c6 5.Nb4 d5 6.Nd3 
Bd6 7.Qe2 Nf6 8.h3 Bxf3 9.gxf3 O-O 10.Bg2 Nbd7 
11.h4 d4 12.c3 c5 13.c4 Re8 14.Bh3 Nb8 15.f4 exf4 
16.f3 Nh5 17.Bf5 Ng3 18.Bxh7+ Kxh7 19.Qg2 
Nxh1 0-1

[Event "HCL-C120"]
[Site "www.playchess.de"]
[Date "2001.02.23"]
[Round "29"]
[White "MarcoPolo"]
[Black "vulcan"]
[WhiteElo "1224"]
[BlackElo "988"]
[PlyCount "32"]
[Result "0-1"]

1.c4 e6 2.Nf3 Nf6 3.Qa4 Be7 4.Nc3 O-O 5.e3 b6 6.d4 
Bb7 7.Be2 c5 8.O-O d5 9.cxd5 cxd4 10.Nxd4 Nxd5 
11.Nxd5 Bxd5 12.e4 Bxe4 13.Nxe6 Qd5 14.Nxf8 Bxg2 
15.Ne6 fxe6 16.Qe8+ Bf8 0-1

[Event "HCL-C120"]
[Site "www.playchess.de"]
[Date "2001.02.23"]
[Round "34"]
[White "Jester"]
[Black "MarcoPolo"]
[WhiteElo "1359"]
[BlackElo "1224"]
[PlyCount "35"]
[Result "0-1"]

1.d4 d5 2.Nc3 Nf6 3.e4 e6 4.e5 Ne4 5.Nxe4 dxe4 
6.Be3 Bd7 7.Qg4 f5 8.exf6 e.p 9.Qxf6 Qxe4 10.Bc6 
Qg4 11.Qf5 Qxf5 12.exf5 O-O-O 13.Bd6 d5 14.Bd7 Nf3 
15.O-O Re1 16.f4 Bd4 17.Bf5 Ng5 
18.Nd7 0-1

[Event "HCL-C125"]
[Site "www.playchess.de"]
[Date "2001.02.23"]
[Round "8"]
[White "heZZZie"]
[Black "MEATHEAD"]
[WhiteElo "1000"]
[BlackElo "1000"]
[PlyCount "43"]
[Result "1-0"]

1.e4 Nf6 2.Nc3 d6 3.Nf3 Bg4 4.h3 Bh5 5.g4 Nxg4 
6.hxg4 Bxg4 7.Rh4 Bxf3 8.Qxf3 e5 9.Bc4 Qxh4 
10.Qxf7+ Kd8 11.d3 h6 12.Nd5 Nc6 13.Qxc7+ Ke8 
14.Qxb7 Qh1+ 15.Kd2 Rb8 16.Qxc6+ Kf7 17.Qc7+ Be7 
18.Qxe7+ Kg6 19.Qxd6+ Kg5 20.Qxe5+ Kh4 21.Qg3+ Kh5 
22.Nf4+ 1-0

[Event "HCL-C125"]
[Site "www.playchess.de"]
[Date "2001.02.23"]
[Round "9"]
[White "MEATHEAD"]
[Black "Mizar"]
[WhiteElo "1000"]
[BlackElo "1000"]
[PlyCount "33"]
[Result "1-0"]

1.e4 e5 2.Nf3 Nc6 3.Ng5 Qxg5 4.d3 Qd8 5.Nc3 Bb4 
6.Bd2 Nf6 7.Bg5 O-O 8.a3 Bxc3+ 9.bxc3 b6 10.Be2 
Bb7 11.Bg4 h6 12.Bxf6 Qxf6 13.Bxd7 Rad8 14.Bg4 Ne7 
15.Rb1 Bxe4 16.f3 Bf5 17.O-O 1-0

[Event "HCL-C136"]
[Site "www.playchess.de"]
[Date "2001.02.23"]
[Round "6"]
[White "locko"]
[Black "Hanbei"]
[WhiteElo "765"]
[BlackElo "988"]
[PlyCount "28"]
[Result "0-1"]

1.e4 e5 2.Nf3 Nc6 3.Nc3 Bc5 4.d3 Nf6 5.Na4 b6 6.a3 
d5 7.Nxc5 bxc5 8.exd5 Qxd5 9.c4 Qd6 10.h4 e4 
11.Ng5 Bf5 12.Qe2 h6 13.Nf3 O-O 14.Nh2 
Nd4 0-1

[Event "HCL-C139"]
[Site "www.playchess.de"]
[Date "2001.02.23"]
[Round "2"]
[White "asb"]
[Black "Coney"]
[WhiteElo "1000"]
[BlackElo "984"]
[PlyCount "59"]
[Result "1-0"]

1.e4 e5 2.Bc4 Nf6 3.d3 d5 4.exd5 Nxd5 5.h3 Nf6 
6.a4 Bc5 7.Be3 Bxe3 8.fxe3 O-O 9.Nc3 Nc6 10.Nf3 
Re8 11.O-O a6 12.Qe1 e4 13.Ng5 Ne5 14.Bb3 exd3 
15.Rd1 h6 16.Nge4 Nxe4 17.Nxe4 Be6 18.Rd2 Bxb3 
19.cxb3 Qd5 20.Rf4 Qxb3 21.Qg3 Ng6 22.Rg4 c6 23.h4 
Qd5 24.Nf2 Qa5 25.Rxd3 Qe1+ 26.Kh2 b5 27.h5 Ne7 
28.Rxg7+ Kf8 29.Rh7 Nf5 30.Rh8+ 1-0

[Event "HCL-C139"]
[Site "www.playchess.de"]
[Date "2001.02.23"]
[Round "7"]
[White "king"]
[Black "Coney"]
[WhiteElo "1191"]
[BlackElo "984"]
[PlyCount "70"]
[Result "0-1"]

1.e3 c5 2.g3 d5 3.Bg2 Nf6 4.Nf3 Bf5 5.O-O e6 6.d3 
Bd6 7.Nc3 O-O 8.b3 Nc6 9.Qe2 d4 10.exd4 cxd4 
11.Nb5 Bc5 12.Bg5 h6 13.Bxf6 Qxf6 14.Rae1 a6 
15.Na3 Bxa3 16.Ne5 Nxe5 17.Qxe5 Qxe5 18.Rxe5 Rab8 
19.h3 Bb2 20.a4 Rfc8 21.g4 Bh7 22.g5 hxg5 23.c4 c3 
24.Rxg5 c2 25.Be4 Bxe4 26.dxe4 c1Q {%}  27.Rxc1 
Rxc1+ 28.Kg2 f6 29.Rg6 Kf7 30.Rg3 Be5 31.Rd3 Rh8 
32.Rd7+ Kg6 33.Rxb7 Rh5 34.f3 Rc2+ 35.Kf1 
Rxh3 0-1

[Event "HCL-C140"]
[Site "www.playchess.de"]
[Date "2001.02.23"]
[Round "2"]
[White "Ivan"]
[Black "hhh"]
[WhiteElo "1000"]
[BlackElo "878"]
[PlyCount "47"]
[Result "1-0"]

1.e4 e5 2.Nf3 d6 3.d4 Nc6 4.Nc3 Nf6 5.Bb5 a6 
6.Bxc6+ Bd7 7.Bxb7 Rb8 8.Bxa6 c5 9.dxe5 dxe5 
10.O-O c4 11.Nxe5 Bc5 12.Bb5 Rb7 13.Nc6 Qc8 14.Nd4 
O-O {privet, kak dela?}  15.Ba6 Bg4 16.Bxb7 Qxb7 
{da svidania!!}  17.f3 Bh5 18.Be3 Qxb2 19.Nce2 Rd8 
20.c3 Kf8 21.Ne6+ Ke7 22.Bxc5+ Kxe6 23.Qxd8 Qxe2 
24.Qd6+ 1-0

[Event "HCL-E012"]
[Site "www.playchess.de"]
[Date "2001.02.23"]
[Round "21"]
[White "Aramis"]
[Black "ajedrez"]
[WhiteElo "2257"]
[BlackElo "2349"]
[PlyCount "85"]
[Result "0-1"]

1.e4 e5 2.Nf3 Nc6 3.Bc4 Nf6 4.Ng5 d5 5.exd5 Na5 
6.Bb5+ c6 7.dxc6 bxc6 8.Be2 h6 9.Nf3 e4 10.Ne5 Bd6 
11.d4 exd3 12.e.p Nxd3 13.Qc7 b3 14.O-O Bb2 15.Ne4 
Nd2 16.f5 g3 17.Bb7 O-O 18.c5 c4 19.Ng5 Bf3 
20.Nxf3+ Nxf3 21.Qc6 Bc3 22.Bc7 Bxa5 23.Bxa5 Nde5 
24.Qc7 Qc2 25.Rae8 Rad1 26.Rxe5 Nxe5 27.Qxe5 Rd7 
28.Rf7 Rxf7 29.Kxf7 Qd3 30.Qe4 Qxe4 31.fxe4 Rd1 
32.Ke7 h4 33.Bc3 Kf1 34.a5 Rc1 35.Bd4 Ke2 36.h5 
Re1 37.Kf6 Kf1 38.Kf5 Rd1 39.Kg4 Rd2 40.Kf3 Rc2 
41.Bc8 a4 42.Bf5 Ra2 {Now I get all your pawns of 
the kingside. You want to continue?}  
43.e3 0-1

[Event "HCL-E016"]
[Site "www.playchess.de"]
[Date "2001.02.23"]
[Round "31"]
[White "ARMAGEDON_8"]
[Black "Robby"]
[WhiteElo "2263"]
[BlackElo "2000"]
[PlyCount "75"]
[Result "1-0"]

1.d4 e6 2.c4 f5 3.g3 Nf6 4.Bg2 Bb4+ 5.Nd2 O-O 6.a3 
Bxd2+ 7.Bxd2 d6 8.Nf3 Qe7 9.Qb3 a5 10.O-O Ne4 
11.Be3 Nc6 12.Qc2 e5 13.d5 Nd8 14.Nd2 Nc5 15.b4 f4 
16.bxc5 fxe3 17.cxd6 exf2+ 18.Rxf2 cxd6 19.Rxf8+ 
Qxf8 20.Rf1 Qe7 21.Ne4 Nf7 22.e3 b6 23.Qb2 Qc7 
24.Qb3 Ba6 25.Rc1 Rb8 26.Bh3 Nd8 27.Qb1 h6 28.Bg4 
Bc8 29.Bh5 Ba6 30.Qc2 Kh8 31.Bg4 Nb7 32.Ng5 g6 
33.Ne6 Qh7 34.Qb2 g5 35.e4 Nd8 36.Nxd8 Qxe4 37.Qf2 
Qxg4 38.Qf6+ 1-0

[Event "ACL-A051"]
[Site "www.playchess.de"]
[Date "2001.02.23"]
[Round "13"]
[White "JayKay"]
[Black "Goofy"]
[WhiteElo "1669"]
[BlackElo "1741"]
[PlyCount "97"]
[Result "1-0"]

1.e4 c5 2.d4 e6 3.Nf3 cxd4 4.Qxd4 Nc6 5.Qd3 Nf6 
6.Nc3 d5 7.exd5 Nb4 8.Qd1 exd5 9.Bb5+ Nc6 10.O-O 
Be7 11.Ne5 Bd7 12.Nxd7 Qxd7 13.Bg5 a6 14.Bd3 h6 
15.Bxf6 Bxf6 16.Re1+ Ne7 17.Qh5 O-O 18.Nd1 Rfe8 
19.Rb1 d4 20.f3 Nd5 21.Nf2 Bg5 22.Qh3 Qxh3 23.Nxh3 
Bd2 24.Rxe8+ Rxe8 25.Be4 Ne3 26.Bxb7 a5 27.Be4 Rc8 
28.Kf2 Nxc2 29.Ke2 Be3 30.a3 Bg5 31.Nxg5 hxg5 
32.Rc1 d3+ 33.Kxd3 Nb4+ 34.Kd2 Rd8+ 35.Ke3 {Happy 
new Year:-)}  Nd5+ {Happy new year for you too!}  
36.Bxd5 Rxd5 37.b4 axb4 38.axb4 f6 39.Rb1 Rb5 
40.Kd4 Kf7 {.}  41.Kc4 Rb8 42.b5 Ke6 43.b6 Kd6 
44.Kb5 Kd7 45.Ra1 Re8 46.b7 Kc7 47.Ra8 Re5+ 48.Ka6 
Re6+ 49.Ka7 1-0

[Event "ACL-A065"]
[Site "www.playchess.de"]
[Date "2001.02.23"]
[Round "2"]
[White "Machiavelli_________"]
[Black "Hermi"]
[WhiteElo "1500"]
[BlackElo "2070"]
[PlyCount "40"]
[Result "0-1"]

1.d4 Nf6 2.c4 e6 3.Nc3 Bb4 4.Qc2 O-O 5.Bg5 c5 6.e3 
h6 7.Bh4 cxd4 8.exd4 Nc6 9.O-O-O d5 10.cxd5 exd5 
11.Nf3 Be6 12.h3 Rc8 13.Kb1 g5 14.Nxg5 hxg5 
15.Bxg5 Bxc3 16.bxc3 Qb6+ 17.Ka1 Ne4 18.Rb1 Qa5 
19.Bh6 Nxd4 20.Qd3 Nf5 0-1

[Event "ACL-A070"]
[Site "www.playchess.de"]
[Date "2001.02.23"]
[Round "8"]
[White "dom"]
[Black "Habi"]
[WhiteElo "1500"]
[BlackElo "1500"]
[PlyCount "44"]
[Result "0-1"]

1.e4 c5 2.Bc4 d6 3.Nc3 Nf6 4.d3 g6 5.Nf3 Bg7 6.O-O 
O-O 7.Nd5 Nxd5 8.exd5 Nd7 9.c3 Nb6 10.Re1 Nxc4 
11.dxc4 Bg4 12.b4 Bxc3 13.Bh6 Bxe1 14.Qxe1 Re8 
15.bxc5 Bxf3 16.gxf3 Rc8 17.Qc3 f6 18.Qe3 Qd7 
19.Rb1 Rxc5 20.Rxb7 Qxb7 21.Qe6+ Kh8 22.Qf7 
Rg8 0-1

[Event "ACL-A074"]
[Site "www.playchess.de"]
[Date "2001.02.23"]
[Round "17"]
[White "Extasis"]
[Black "chrisg"]
[WhiteElo "1158"]
[BlackElo "1784"]
[PlyCount "22"]
[Result "0-1"]

1.e4 c6 2.Nc3 d5 3.d3 dxe4 4.Nxe4 Bf5 5.Nc5 Qa5+ 
6.Bd2 Qxc5 7.Bf4 Qb4+ 8.c3 Qxf4 9.Ne2 Qe5 10.d4 
Qe4 11.Qd2 Nf6 0-1

[Event "HCL-C153"]
[Site "www.playchess.de"]
[Date "2001.02.23"]
[Round "8"]
[White "ankush2g"]
[Black "Jelleyman"]
[WhiteElo "1000"]
[BlackElo "557"]
[PlyCount "61"]
[Result "1-0"]

1.e4 e5 2.Nf3 Bd6 3.d4 Bb4+ 4.c3 Ba5 5.Nxe5 d6 
6.Nd3 Nc6 7.Na3 h5 8.Be3 Bg4 9.Qb3 f6 10.d5 Ne5 
11.Qxb7 Nxd3+ 12.Bxd3 Ne7 13.Bb5+ Kf8 14.h3 Rb8 
15.Qxa7 Ra8 16.Qd4 Bd7 17.Qd3 Ng6 18.g3 Ne5 19.Qe2 
Rb8 20.f4 Nf7 21.Qc4 g5 22.O-O-O h4 23.g4 Nh6 
24.fxg5 c6 25.dxc6 Qe7 26.cxd7 Qe5 27.gxh6 Qg3 
28.Bg5 fxg5 29.Rdf1+ Ke7 30.d8Q+ {%}  Rbxd8 
31.Qf7+ 1-0

[Event "ACL-A080"]
[Site "www.playchess.de"]
[Date "2001.02.23"]
[Round "1"]
[White "guerino"]
[Black "Zsozso"]
[WhiteElo "1500"]
[BlackElo "1500"]
[PlyCount "38"]
[Result "0-1"]

1.e4 c5 {Good luck!}  2.Nf3 Nc6 3.d4 cxd4 4.Nxd4 
Nf6 5.Nc3 e5 6.Ndb5 d6 7.Bg5 a6 8.Na3 b5 9.Nd5 Be7 
10.Bxf6 Bxf6 11.c3 Ne7 12.Nxf6+ gxf6 13.Nc2 Bb7 
14.f3 f5 15.exf5 Nxf5 16.Bd3 Qh4+ 17.g3 Nxg3 
18.Kd2 Qf4+ 19.Ke1 Nxh1 0-1